000 00964cam a22003137a 4500
003 CHAP
005 20220329143021.0
008 050822d2003 mx r 00010 spa d
010 _a90733
011 _a91705
020 _a9682468418
035 _a102266
040 _cCHAP
082 0 4 _a001.42
_bR6
100 0 0 _aRosado, Miguel Angel.
_999884
245 1 0 _aMetodología de investigación y evaluación
_c/por Miguel Angel Rosado
260 _aMéxico, D. F. :
_bTrillas,
_c2003.
300 _a253 p.
590 _aBATCH-UPD
_b10
_c20130110
_lUCH01
_h0549
590 _aBATCH-UPD
_b10
_c20130410
_lUCH01
_h0230
590 _aBATCH-UPD
_b10
_c20130914
_lUCH01
_h1211
590 _aCONVERSION
_b10
_c20130109
_lUCH01
_h1350
650 1 4 _aDocumentación.
_933172
650 1 4 _aInvestigación
_xMetodología.
_960237
901 _aBK
905 _aLilia
942 _cLIBRO
949 _a001.42 R6
_bBC
_cLIBRO
_d33724000976569
_eLIBRO
_gI.c/e
_h106561
_i102266
_si
_t$140.00
999 _c90733
_d90733